000 00402pab a2200157 454500
008 180718b1997 xxu||||| |||| 00| 0 eng d
100 _aClairmont, Frederic
245 _aUnited Kingdom: Major's last stand
260 _c1997
300 _ap.820-21
362 _a19-25 Apr
650 _aElections - Great Britain
650 _aElections
773 _aEconomic and Political Weekly
909 _a33785
999 _c33785
_d33785